Convenio Solas 1974

Uloženo v:
Podrobná bibliografie
Korporativní autor: Instituto de Ingenieros de Marina Mercante (Autor)
Médium: Kniha
Jazyk:španělština
Vydáno: Valparaíso INIMAR 1981
Témata:
Tagy: Přidat tag
Žádné tagy, Buďte první, kdo vytvoří štítek k tomuto záznamu!

MARC

LEADER 00000nam a2200000 a 4500
001 UCU6506
003 CL-VaPUC
008 960621e19810800CL |||||||||||||||||spa|d
082 0 4 |a 387.5  |b INS  |2 21 
110 2 |a Instituto de Ingenieros de Marina Mercante  |e author  |9 364731 
245 1 0 |a Convenio Solas 1974 
300 |a 384 h 
942 |c BK 
945 |d 19960621 00:00:00  |a cmena 
260 |a Valparaíso  |b INIMAR  |c 1981 
650 0 |a Transporte marítimo  |9 260127 
650 0 |a Rutas marítimas  |9 339718 
650 7 |a TRANSPORTE INTERNACIONAL  |2 CL-VaPUC  |9 364732 
650 7 |a BUQUES MERCANTES  |2 CL-VaPUC  |9 358741 
650 7 |a POLITICA DE TRANSPORTES  |2 CL-VaPUC  |9 358677 
583 |a last modification  |c 19960621 00:00:00  |k Rodrigo Vera 
999 |c 249392  |d 249390 
952 |0 0  |1 0  |4 0  |6 387_500000000000000_INS_1981  |7 0  |8 A  |9 266632  |a BIBING  |b BIBING  |d 2019-11-19  |i 1693190  |o 387.5 INS 1981  |p 1693190  |r 2025-01-20  |w 2019-11-19  |y BK  |k TRA